00741nam a2200181Ia 4500001000800000003000500008008004100013010001100054040000900065100002900074245025700103260006500360300000900425410003400434650002300468700003400491700003400525Para_48CHAP220125s1977 xx 000 0 und d a198621 cCHAP aFlores García, Rodolfo aDeterminación del estado fisiológico en el cual el picudo del algodonero Anthonomus Grandis, atraviesa la época seca en la zona del Soconusco, Chiapas, México /c por Rodolfo Flores García, P. René Bodegas Valera y Martha E. de Coss Flores as.l. :b Centro de Investigaciones Ecológicas del Sureste a9 p. aBoletín de información; 2 aAnthonomus grandis aI. Bodegas Valera, René P.  aII. Coss Flores, Martha E. de